000 00469nam a2200205Ia 4500
003 OSt
005 20221007082500.0
006 a|||||r|||| 00| 0
007 ta
008 221006b |||||||| |||| 00| 0 eng d
024 _a20,911
037 _cTextual
040 _aFLL
_cFLL
_beng
041 _2eng
_aeng
082 _aV1:5.N8
100 _aPaul
_9212264
245 0 _aHuman rights
942 _hV1:5.N8
_cTEXL
_2CC
999 _c1166576
_d1166576